000 01927nam a2200289 i 4500
001 000043599
003 DO-SdBNP
005 20260321073643.0
007 ta
008 090916s2002 dr 000 0 spa d
020 _a9993476099
040 _aDO-SdBNP
_bspa
_cBNPHU
_erda
082 4 _a972.93053
_bB742t, 2002
_222
100 1 _a Bosch, Juan,
_d1909-2001
_eautor
_976555
245 1 0 _aTrujillo :
_bcausas de una tiranía sin ejemplo /
_cJuan Bosch.
250 _a9ª edición
264 _aSanto Domingo :
_bAlfa y Omega,
_c2002.
300 _a190 páginas ;
_c21 cm.
336 _2rdacontent
_atexto
_btxt
337 _2rdamedia
_asin mediación
_bn
338 _2rdacarrier
_avolumen
_bnc
505 0 _aDedicatoria --
_tPrólogo a la segunda edición --
_tIntroducción --
_tEl origen psicológico --
_tOrigen de la deformación social dominicana --
_tLa sociedad colonial y la psicología de Trujillo --
_tTrujillo y la división en gente de primera y gente de segunda --
_tLa venganza de un hombre de segunda --
_tEL origen biológico --
_tEl abandono de La Española: sus consecuencias para el país --
_tLa isla dividida: nacimiento de Haití --
_tLa arritmia histórica dominicana --
_tLa simiente materna de Trujillo llegó con la Ocupación Haitiana de 1822 --
_tNacimiento de Trujillo bajo el signo de la tiranía --
_tDe las luchas civiles a la Ocupación Norteamerica de 1916 --
_tTrujillo: fruto de tres invasiones militares --
_tLa conquista del poder político --
_tLa empresa capitalista llamada República Dominicana --
_tDe dictador a propietario del país --
_tEl gobierno al servicio de la empresa --
_tPsicología de los dominicanos --
_tEpílogo --
_tConclusiones --
_tPost Scriptum --
600 1 0 _aTrujillo Molina, Rafael Leónidas,
_d 1891-1961
_976764
651 1 0 _aRepública Dominicana --
_xHistoria --
_yDescubrimiento y conquista, 1492-1503
_9255
910 _aValidado. Control de calidad MFF
942 _2ddc
_cLBS1
999 _c43088
_d43088